000
00222nam a2200097Ia 4500
005
20251222114409.0
008
251222s1900||||xx |||||||||||||| ||spa||
082
_a
DVD0070/D23/2009
245
0
_a
Precious:Preciosa
942
_c
DVD
999
_c
1944
_d
1944